00725nam a22001577a 4500008004100000082001500041100000800056245016100064260002500225300000800250942001200258999001500270952009400285952009400379952009400473230621b xxu||||| |||| 00| 0 eng d a328.3bCPA cCPA aReport of the Commonwealth Parliamentary Associationb18th African Region Conference held at the Swazi SPA Convention Centre Swaziland, 14th-20th June, 1987 aSwazilandbCPAc1987 a26p 2ddccBK c1946d1946 00102ddc4070a002b002d2023-06-21l0o328.3 CPAp10009564r2023-06-21w2023-06-21yBK 00102ddc4070a002b002d2023-06-21l0o328.3 CPAp10009566r2023-06-21w2023-06-21yBK 00102ddc4070a002b002d2023-06-21l0o328.3 CPAp10009567r2023-06-21w2023-06-21yBK